Statistics for 1920年の日本の都道府県別人口ランキング

Click here to take the quiz!

General Stats

  • This quiz has been taken 39 times
  • The average score is 14 of 47

Answer Stats

人口(万人)都道府県% Correct
1369東京
100%
2259大阪
97%
3236北海道
80%
4230兵庫
73%
5219福岡
73%
6209愛知
70%
7178新潟
53%
4746鳥取
50%
9155静岡
50%
8156長野
50%
10154広島
47%
11142鹿児島
37%
15132神奈川
37%
12136福島
33%
14134千葉
33%
13135茨城
30%
16132埼玉
30%
17129京都
30%
18123熊本
30%
19122岡山
23%
4557沖縄
20%
4657奈良
17%
23105群馬
17%
20114長崎
17%
25105栃木
17%
3672島根
13%
3475石川
13%
3185岩手
13%
3276青森
13%
24105愛媛
13%
21107岐阜
13%
2797山形
13%
22107三重
13%
2990秋田
13%
3086大分
10%
4165宮崎
10%
4458山梨
10%
4360福井
10%
4265滋賀
10%
3967高知
10%
4067徳島
10%
3867佐賀
10%
3768香川
10%
26104山口
10%
3572富山
10%
2896宮城
10%
3375和歌山
7%

Score Distribution

Percentile by Number Answered

Percent of People with Each Score

Your Score History

You have not taken this quiz